[Event "Hastings Masters"]
[Site "Horntye, Hastings"]
[Date "2018.01.02"]
[Round "6.36"]
[White "Pickersgill, Adrian O"]
[Black "Flynn, David"]
[Result "1/2-1/2"]
[BlackElo "1876"]
[WhiteElo "1991"]
[LiveChessVersion "1.4.8"]

1. e4 {[%clk 1:40:56]} e6 {[%clk 1:36:40]} 2. d4 {[%clk 1:41:15]} d5
{[%clk 1:37:04]} 3. Nc3 {[%clk 1:41:27]} Bb4 {[%clk 1:37:16]} 4. e5
{[%clk 1:41:29]} Ne7 {[%clk 1:37:34]} 5. Bd2 {[%clk 1:31:57]} b6 {[%clk 1:37:22]}
6. a3 {[%clk 1:30:41]} Bxc3 {[%clk 1:36:07]} 7. bxc3 {[%clk 1:29:28]} Ba6
{[%clk 1:36:01]} 8. Bxa6 {[%clk 1:29:38]} Nxa6 {[%clk 1:36:29]} 9. Qe2
{[%clk 1:29:06]} Qc8 {[%clk 1:36:22]} 10. Nf3 {[%clk 1:25:12]} O-O
{[%clk 1:28:37]} 11. O-O {[%clk 1:25:17]} c5 {[%clk 1:28:22]} 12. Bg5
{[%clk 1:18:08]} f6 {[%clk 1:22:51]} 13. exf6 {[%clk 1:17:48]} gxf6
{[%clk 1:23:13]} 14. Bh6 {[%clk 1:17:30]} Rf7 {[%clk 1:21:29]} 15. Nh4
{[%clk 1:14:58]} Nc7 {[%clk 1:18:06]} 16. Rad1 {[%clk 1:10:04]} c4
{[%clk 1:11:37]} 17. Rde1 {[%clk 1:09:14]} Nc6 {[%clk 1:00:26]} 18. Qh5
{[%clk 1:07:03]} Qe8 {[%clk 0:54:35]} 19. Nf5 {[%clk 1:03:16]} Rd7 20. Qg4+
{[%clk 1:03:07]} Qg6 {[%clk 0:53:02]} 21. Ne3 {[%clk 0:57:58]} Qxg4
{[%clk 0:51:45]} 22. Nxg4 {[%clk 0:58:20]} Kf7 {[%clk 0:44:30]} 23. Bc1
{[%clk 0:54:09]} h5 {[%clk 0:44:34]} 24. Ne3 {[%clk 0:54:11]} Nb5
{[%clk 0:41:15]} 25. Nd1 {[%clk 0:53:48]} Rg8 26. Re3 Nd6 {[%clk 0:39:17]} 27.
Rfe1 {[%clk 0:53:27]} Re7 {[%clk 0:38:58]} 28. Rh3 {[%clk 0:52:58]} Rh8
{[%clk 0:38:53]} 29. a4 {[%clk 0:51:18]} Ne4 {[%clk 0:34:26]} 30. f4
{[%clk 0:45:58]} f5 {[%clk 0:34:26]} 31. Nf2 {[%clk 0:45:46]} Ree8
{[%clk 0:33:06]} 32. Nxe4 {[%clk 0:44:35]} fxe4 {[%clk 0:33:25]} 33. Ba3
{[%clk 0:43:46]} Reg8 {[%clk 0:21:24]} 34. Rh4 {[%clk 0:40:19]} Rg4
{[%clk 0:18:20]} 35. Rxg4 {[%clk 0:40:22]} hxg4 {[%clk 0:18:48]} 36. Bd6
{[%clk 0:37:33]} Kg6 {[%clk 0:16:15]} 37. Re3 {[%clk 0:33:29]} 1/2-1/2

[Event "Hastings Masters"]
[Site "Horntye, Hastings"]
[Date "2018.01.02"]
[Round "6.37"]
[White "Rahulan, Thivyaa"]
[Black "Ramstad, Havard"]
[Result "0-1"]
[BlackElo "1965"]
[WhiteElo "1825"]
[LiveChessVersion "1.4.8"]

1. e4 c6 2. c4 e5 3. Nf3 d6 4. Be2 Nf6 5. Nc3 a6 6. a3 Nbd7 7. d3 Be7 8. Qc2 b5
9. b4 O-O 10. O-O Re8 11. Bd2 Bf8 12. Rfc1 Bb7 13. Be1 Rc8 14. Qb1 Qb6 15. Nd2
Qd8 16. Nf1 g6 17. Bd2 Bg7 18. Ng3 Nf8 19. Bd1 Ne6 20. Nce2 Qd7 21. Bb3 h6 22.
Qb2 Nf4 23. Qc2 bxc4 24. Bxc4 d5 25. Bb3 Nxe2+ 26. Nxe2 dxe4 27. dxe4 c5 28. Ba4
Bc6 29. Bxc6 Rxc6 30. bxc5 Rec8 31. Be3 Bf8 32. f3 Bxc5 33. Bxc5 Rxc5 34. Qxc5
Rxc5 35. Rxc5 Qa7 0-1

[Event "Hastings Masters"]
[Site "Horntye, Hastings"]
[Date "2018.01.02"]
[Round "6.38"]
[White "Lalla, Karol"]
[Black "Dempsey, John"]
[Result "1/2-1/2"]
[BlackElo "1911"]
[WhiteElo "1600"]
[LiveChessVersion "1.4.8"]

1. Nf3 {[%clk 1:40:49]} Nf6 {[%clk 1:40:55]} 2. b3 {[%clk 1:41:13]} g6
{[%clk 1:41:20]} 3. Bb2 {[%clk 1:41:35]} Bg7 {[%clk 1:41:46]} 4. d3
{[%clk 1:41:35]} O-O {[%clk 1:41:59]} 5. Nbd2 {[%clk 1:41:52]} d6
{[%clk 1:41:26]} 6. g3 {[%clk 1:42:01]} c6 {[%clk 1:41:12]} 7. c4
{[%clk 1:42:21]} Qb6 {[%clk 1:41:09]} 8. Bg2 {[%clk 1:42:32]} Ng4
{[%clk 1:39:47]} 9. d4 {[%clk 1:42:25]} d5 {[%clk 1:38:17]} 10. O-O
{[%clk 1:42:35]} Bf5 {[%clk 1:35:48]} 11. cxd5 {[%clk 1:39:59]} cxd5
{[%clk 1:33:56]} 12. Rc1 Nc6 {[%clk 1:31:00]} 1/2-1/2

[Event "Hastings Masters"]
[Site "Horntye, Hastings"]
[Date "2018.01.02"]
[Round "6.39"]
[White "Verma, Shlok"]
[Black "Warnke, Klaus"]
[Result "0-1"]
[BlackElo "1716"]
[WhiteElo "1553"]
[LiveChessVersion "1.4.8"]

1. d4 Nf6 2. c4 g6 3. Nc3 d5 4. Nf3 Bg7 5. Bf4 dxc4 6. e3 Nd5 7. Nxd5 Qxd5 8.
Bxc7 O-O 9. Be2 Bg4 10. h3 Bf5 11. O-O Nd7 12. a4 Rac8 13. Bg3 Rfd8 14. Qd2 Nc5
15. Qb4 Nb3 16. Ra3 b6 17. Bxc4 Rxc4 18. Qxb3 Bc2 19. Qb5 Rxa4 20. Qxd5 Rxd5 21.
Rxa4 Bxa4 22. Ra1 b5 23. Nd2 e5 24. b3 exd4 25. e4 Rc5 26. bxa4 d3 27. e5 Rc2 28.
Bf4 g5 29. Bxg5 Bxe5 30. axb5 Bxa1 31. Ne4 Be5 32. h4 Rb2 0-1

[Event "Hastings Masters"]
[Site "Horntye, Hastings"]
[Date "2018.01.02"]
[Round "6.40"]
[White "Pagamdulam, Munkhdemberel"]
[Black "Kearsley, Raymond J"]
[Result "1-0"]
[WhiteElo "1175"]
[BlackElo "1720"]
[PlyCount "41"]
[EventDate "2017.12.28"]

1. e4 c5 2. Nf3 g6 3. d4 cxd4 4. Qxd4 Nf6 5. e5 Nc6 6. Qa4 Nd5 7. Qe4 Nc7 8.
Nc3 Bg7 9. Bf4 O-O 10. Bc4 Ne6 11. Bg3 a6 12. a4 Qb6 13. Bb3 Ned4 14. Nxd4 Nxd4
15. O-O Nxb3 16. Nd5 Qc5 17. cxb3 e6 18. Nf6+ Bxf6 19. exf6 d5 20. Qf4 Bd7 21.
Qh6 1-0